| 000 | 00992nam a22003017a 4500 | ||
|---|---|---|---|
| 001 | BR7902406 | ||
| 003 | BR-BrBNA | ||
| 005 | 20230928090009.0 | ||
| 007 | ta | ||
| 008 | 230509b bl.||||| |||| 00| 0 por d | ||
| 040 |
_aBR-BrBNA _bpor _cBiblioteca Nacional de Agricultura |
||
| 041 | _a(Por) | ||
| 072 |
_aH20 _b1850 _b4110 _b/G514 |
||
| 090 | _ 1850 BR7902406 | ||
| 100 | 1 | _aOliveira, J.B. de | |
| 111 | 1 |
_a18. Congresso Brasileiro de Olericultura _cMossoro, RN (Brazil) _d16 Jul 1978 |
|
| 245 | 1 | _aTeste de resistencia a murcha bacteriana com os cultivares de tomate (Lycopersicum esculentum, Mill)Filipinas e UFC1, nas condicoes edafoclimaticas do Estado do Acre [Variedade resistente; Brasil] | |
| 260 | 3 |
_a[np](Brasil): _c[nd]. |
|
| 300 | _a5 p. | ||
| 500 | _aPublished 1978? | ||
| 650 | _aDoenca de planta | ||
| 650 | _aTomate | ||
| 650 | _aMurcha bacteriana | ||
| 650 | _aVariedade resistente | ||
| 650 | _aAcre | ||
| 909 |
_a202309 _bLucia _c55 _dLucia Elande |
||
| 942 | _cBK | ||
| 999 |
_c27362 _d27362 |
||